Today is Gonna Be a Great Day Lyrics - Statistics

General Stats
  • This quiz has been taken 5 times
  • The average score is 28 of 47
Answer Stats
Answer % Correct
And forecast says that tomorrow will likely be a million and six times {better}
100%
Discovering something that doesn't {exist},
100%
Is finding a good way to {spend} it
100%
Or diving our {sister} insane!
100%
Or locating Frankenstein's {brain}
100%
Surfing tidal {waves}, creating nanobots
100%
There's a hundred and {four} days of summer vacation,
100%
(This could possible be the {best} day ever!)
100%
This could possibly be the {best} day ever!
100%
'Til {school} comes along just to end it,
100%
And a pocket full of {rubber} bands, the manual on handstands
67%
And forecast says that {tomorrow} will likely be a million and six times better.
67%
And let's make sure that in every {single} possible way,
67%
And let's make sure that in every single possible {way},
67%
And let's make {sure} that in every single possible way
67%
And the forecast says that tomorrow will likely be a {million} and six times better.
67%
A unicycle, compass, and a {camera} that won't focus
67%
Building a {rocket}, or fighting a mummy
67%
Let's put our heads together and design a master {plan}
67%
Or climbing up the {Eiffel} Tower,
67%
Or giving a {monkey} a shower,
67%
So make every minute count, {jump} up, {jump} in, and seize the day,
67%
So make every minute count, jump up, jump in, and {seize} the day,
67%
So the annual {problem} for our generation,
67%
This could possibly be the best {day} ever!
67%
(This could possibly be the best {day} ever!)
67%
This could {possibly} be the best day ever!
67%
(This could {possibly} be the best day ever!)
67%
{Today} is gonna be a great day!
67%
Today is gonna be a {great} {day}!
67%
(Today is gonna be a {great} {day}!)
67%
We may miss dinner, but I know {mom} will understand
67%
Building a time machine, stretching a rubber tree, or wailing away on {guitars}!
33%
Devising a system for {remember}ing everything,
33%
Finding a dodo {bird}, paining a continent
33%
{Hey}! {Hey}! {Hey}! {Hey}! {Hey}! {Hey}! {Hey}! {Hey}!
33%
Like {maybe}:
33%
Skiing down a mountain of {beans},
33%
So make every {minute} count, jump up, jump in, and seize the day,
33%
This could possibly be the {best} {day} {ever}!
33%
This could possibly be the {best} {day} {ever}!
33%
{Today} {is} {gonna} {be} {a} {great} {day}
33%
We've got our mission and some pliers, yogurt, {gum}balls, and desire
33%
And a canteen full of {soda}, grab a beach towel, here we go!
0%
Crossing the tundra or building a {rollercoaster},
0%
Or synchronizing {submarines},
0%
Racing chariots, taming tiger {sharks}, constructing a portal to Mars,
0%
No matching quizzes found
Score Distribution
Percent of People with Each Score
Percentile by Number Answered
Your Score History
You have not taken this quiz